000 00690nam a2200217Ia 4500
001 4660
003 GE_BSU
008 181216s||||||||xx |||||||||||||| ||und||
040 _cGE_BSU
080 _a62(038)81"374.822=11=161.1
245 _aНемецко-Русский политехнический словарь=DEUTSCH-RUSSISCHES POLYTECHNISCHES WORTERUCH.
245 _b110 000 терминов.
250 _a3-е изд. стереотип.
260 _aМ.
260 _bРус. яз.
260 _c1984.
300 _a864 стр. 23 см.
541 _h15 л. 50 т.
653 _aНемецко-русский политехнический словарь.
942 _cBK
999 _c38559
_d38559